| 000 | 01264nac a22002771u 4500 | ||
|---|---|---|---|
| 008 | 100721s ua|||||| ||| 001 0 arad | ||
| 020 | _a977148236× | ||
| 082 |
_a150.287 _bت ا ي _222 |
||
| 100 |
_aتايلر ، ليونا أ _916550 |
||
| 245 |
_aالاختبارات والمقاييس/ _cليونا أ. تايلر ؛ ترجمة سعد عبد الرحمن ؛ مراجعة محمد عثمان نجاتي |
||
| 250 | _aط2 | ||
| 260 |
_aالقاهرة: _bدار الشروق ، 1983 _cc1983. |
||
| 300 |
_a154ص: _bايض ؛ _c24 سم |
||
| 490 |
_916554 _aمكتبة أصول علم النفس الحديث |
||
| 500 | _aهذا الكتاب ترجمة: Tests and Measurements/Leona E. Tyler .- 2nd ed.Englewood,NJ:Prentice-Hall,Inc,1971 | ||
| 504 | _aيحتوي على مراجع ببليوجرافية وكشاف | ||
| 511 | _aCatalogued by: Sara | ||
| 541 |
_aألف باء ; _cشراء ; |
||
| 650 |
_aعلم النفس _914220 |
||
| 650 |
_aالاختبارات الإسقاطية _916858 |
||
| 650 |
_aالإسقاط _916859 |
||
| 650 |
_aاختبارات الذكاء _916860 |
||
| 700 |
_aعبد الرحمن، سعد _916564 _eمترجم |
||
| 700 |
_aنجاتي، محمد عثمان _9289 _eمراجع |
||
| 942 |
_cBB _k150.287ت ا ي _2ddc |
||
| 999 |
_c6639 _d6639 |
||